000 01204 a2200277 4500
010 _aENG-88545
020 _a8188973769
_c200.00
035 _aEN-72078
037 _bDBAD / PUB
082 0 0 _a362.1969792
090 _c8864
_d8864
100 1 _aGranich, Reuben
245 1 0 _aHIV, health, and your community :
_ba resource guide for action against HIV/AIDS /
_cReuben Granich, Jonathan Mermin ; Indian adaptation by Bir Singh ; illustrations (Indianised version) by Brajagopal Paul
246 3 0 _aHIV, health & your community
250 _aadapted ed.
260 _aNew Delhi
_bVoluntary Health Association of India
_c2005
270 _aB-40, Qutab Institutional Area,
_bNew Delhi
_e110 016
_k26518071, 26518072, 51688152, 51688153
_l011-26853708
_mvhai@vsnl.com
300 _avii, 245 p. :
_bill. ;
_c26 cm (pbk)
500 _aIndian adaptation by VHAI based on the original book by The Hesperian Foundation
500 _aIncludes index
650 0 _aAIDS (Disease)
650 0 _aCommunity health aides.
700 1 _aMermin, Jonathan,
_d1965-
942 _adpl
_cEN
_k362.1969792 / GRA
999 _c8703
_d8703